Geography Quiz

Random Geography or State Quiz

Click the Populous States of Mexico Quiz Stats

 Plays Quiz Updated Sep 22, 2016

Also try: The Mexico Quiz
Challenge
Share
Tweet
Embed
Score 0/15 Timer 03:00
18 Plays Today
% Correct
México (state)
87.6%
Chihuahua
80.5%
Puebla
72.1%
Oaxaca
71.1%
Baja California
70.2%
Veracruz
68.9%
Nuevo León
66.7%
Jalisco
58.8%
% Correct
Guerrero
56.1%
Guanajuato
55.1%
Michoacán
54.6%
Chiapas
54.4%
Tamaulipas
46.4%
Sinaloa
44.5%
Coahuila
43.8%

You're not logged in!

Compare scores with friends on all Sporcle quizzes.
Join for Free
OR
Log In

You Might Also Like...

Show Comments

Extras

Top Quizzes Today


Score Distribution

Your Account Isn't Verified!

In order to create a playlist on Sporcle, you need to verify the email address you used during registration. Go to your Sporcle Settings to finish the process.

Report this User

Report this user for behavior that violates our Community Guidelines.

Details: